Meet the Sesame Street babies : (Record no. 2742)

MARC details
000 -LEADER
fixed length control field 01164cam a2200313 a 4500
001 - CONTROL NUMBER
control field 2742
003 - CONTROL NUMBER IDENTIFIER
control field FISKH
005 - DATE AND TIME OF LATEST TRANSACTION
control field 20240111154232.0
008 - FIXED-LENGTH DATA ELEMENTS--GENERAL INFORMATION
fixed length control field 920727s1993 nyua j 000 1 eng
010 ## - LIBRARY OF CONGRESS CONTROL NUMBER
LC control number 92060973
020 ## - INTERNATIONAL STANDARD BOOK NUMBER
International Standard Book Number 0679834869 :
Terms of availability 9780679834861
040 ## - CATALOGING SOURCE
Original cataloging agency DLC
Transcribing agency DLC
Modifying agency DLC
Language of cataloging eng
042 ## - AUTHENTICATION CODE
Authentication code lcac
050 00 - LIBRARY OF CONGRESS CALL NUMBER
Classification number PZ7. M5132 1993
082 00 - DEWEY DECIMAL CLASSIFICATION NUMBER
Classification number [E]
Edition number 20
100 ## - MAIN ENTRY--PERSONAL NAME
Personal name Ross, Anna
245 00 - TITLE STATEMENT
Title Meet the Sesame Street babies :
Remainder of title featuring Jim Henson's Sesame Street Muppets /
260 ## - PUBLICATION, DISTRIBUTION, ETC.
Place of publication, distribution, etc. New York :
Name of publisher, distributor, etc. Random House,
Date of publication, distribution, etc. 1993.
300 ## - PHYSICAL DESCRIPTION
Extent 10 unnumbered pages ;
Other physical details color illustrations ;
Dimensions 20 cm.
500 ## - GENERAL NOTE
General note On board pages.
505 ## - FORMATTED CONTENTS NOTE
Formatted contents note G<br/>
520 ## - SUMMARY, ETC.
Summary, etc. Photographed in full color. Presenting...the huggable, lovable Sesame Street Babies! Baby Big Bird and Babies Ernie, Bert, Cookie Monster, and Prairie Dawn are cuter than ever in this bright, playful board book illustrated with bright, crisp close-up color photographs.
521 8# - TARGET AUDIENCE NOTE
Target audience note 370<br/>
Source Lexile estimate <br/>
521 8# - TARGET AUDIENCE NOTE
Target audience note G<br/>
Source Raz-Plus<br/>
650 #1 - SUBJECT ADDED ENTRY--TOPICAL TERM
Topical term or geographic name entry element Babies
General subdivision Fiction.
650 #1 - SUBJECT ADDED ENTRY--TOPICAL TERM
Topical term or geographic name entry element Puppets
General subdivision Fiction.
906 ## - LOCAL DATA ELEMENT F, LDF (RLIN)
a 7
b cbc
c orignew
d 2
e opcn
f 19
g y-gencatlg
942 ## - ADDED ENTRY ELEMENTS (KOHA)
Source of classification or shelving scheme Dewey Decimal Classification
Koha item type Books
Suppress in OPAC No
Holdings
Withdrawn status Lost status Source of classification or shelving scheme Damaged status Not for loan Collection Home library Current library Shelving location Date acquired Total Checkouts Full call number Barcode Date last seen Date last checked out Price effective from Koha item type
    Dewey Decimal Classification     Fiction Footprints International School Library Network Toul Kork Campus Footprints International School Library Network Toul Kork Campus TK Primary Library Room(4th Floor), Bookcase 7, Shelves 57-60, Dark Green Books 01/11/2024 1 ROS 791.53 PZ7. M5132 FISBK06369 03/14/2024 02/07/2024 01/11/2024 Books